Statistics for Serie A Managers 2023/2024

Click here to take the quiz!

General Stats

  • This quiz has been taken 318 times
    (76 since last reset)
  • The average score is 12 of 20

Answer Stats

TeamManager% Correct
Roma (2021-)José Mourinho
97%
Inter Milan (2021-)Simone Inzaghi
95%
Milan (2019-)Stefano Pioli
92%
Juventus (2021-)Massimiliano Allegri
90%
Lazio (2021-)Maurizio Sarri
84%
Bologna (2022-)Thiago Motta
77%
Atalanta (2016-)Gian-Piero Gasperini
76%
Napoli (2023-)Rudi García
74%
Fiorentina (2021-)Vincenzo Italiano
74%
Cagliari (2023-)Claudio Ranieri
71%
Torino (2021-)Ivan Jurić
65%
Sassuolo (2021-)Alessio Dionisi
56%
Genoa (2022-)Alberto Gilardino
48%
Frosinone (2023-)Eusebio Di Francesco
45%
Salernitana (2023-)Paulo Sousa
44%
Udinese (2022-)Andrea Sottil
40%
Empoli (2022-)Paolo Zanetti
40%
Lecce (2023-)Roberto D'Aversa
37%
Hellas Verona (2023-)Marco Baroni
32%
Monza (2022-)Raffaele Palladini
10%

Score Distribution

Percentile by Number Answered

Percent of People with Each Score

Your Score History

You have not taken this quiz since the last reset